| 000 | 00597nam a2200193Ia 4500 | ||
|---|---|---|---|
| 005 | 20250508162714.0 | ||
| 008 | 008 250505s9999 xx 000 0 eng d | ||
| 037 | _aTextual | ||
| 040 |
_aFEDL _beng _cFEDL |
||
| 041 |
_aeng _2eng |
||
| 084 |
_a375.4, NCE _qFEDL |
||
| 100 |
_aChaturvedi M G _945001 |
||
| 245 | 0 | _aPosition of languages in school curriculum in India | |
| 260 |
_aNew Delhi, India _bNational Council of Educational Research and Training _c1976 |
||
| 300 | _axi,290p. | ||
| 700 |
_a Mohale B V _9773866 |
||
| 942 |
_cTEXL _h375.4, NCE |
||
| 999 |
_c1378172 _d1378172 |
||